000 00566nam a2200169Ia 4500
003 GCL
008 140319s9999 xx 000 0 ara d
040 _aGCL /
_cGCL
082 0 4 _a953
_bز ف
100 1 _aزكريا هاشم زكريا
245 1 0 _aفضل الحضارة الاسلامية والعربية على العالم /
_cزكريا هاشم زكريا
300 _a618 ص
490 _a
650 0 4 _aالحضارة العربية الاسلامية - المعارف البحرية
650 0 4 _aالحضارة الاسلامية
942 _2ddc
_cBK
999 _c44804
_d44804